[Event "Edmonton"]
[Site "Edmonton CAN"]
[Date "2004.04.10"]
[Round "4"]
[White "Haessel, Dale"]
[Black "Grumic, Sasha"]
[Result "1-0"]
[WhiteElo "2226"]
[BlackElo "2180"]
[PlyCount "77"]
[GameId "2160767911166812"]
[EventDate "2004.04.09"]
[EventType "tourn"]
[EventRounds "7"]
[EventCountry "CAN"]
[SourceTitle "EXT 2006"]
[Source "ChessBase"]
[SourceDate "2005.11.24"]
[SourceVersion "1"]
[SourceVersionDate "2005.11.24"]
[SourceQuality "1"]

1. c4 g6 2. g3 Bg7 3. Bg2 c5 4. Nc3 Nc6 5. a3 Nf6 6. Rb1 O-O 7. b4 d6 8. Nf3 Bf5 9. d3 Qc8 10. O-O b6 11. Bg5 Re8 12. Qd2 Rb8 13. Nd5 Ne5 14. Nh4 Nxd5 15. Nxf5 Qxf5 16. Bxd5 h6 17. Bf4 e6 18. Bg2 Kh7 19. bxc5 dxc5 20. a4 Rbd8 21. Qc1 Nd7 22. a5 e5 23. Be3 Qe6 24. axb6 axb6 25. Bd5 Qe7 26. Qc2 f5 27. Qa4 f4 28. Bd2 Rf8 29. Qa7 Qd6 30. Rb3 Rb8 31. Rfb1 g5 32. g4 Kh8 33. Be4 h5 34. h3 Rf6 35. Kg2 Bf8 36. Bc3 Be7 37. gxh5 Bd8 38. Bf3 Rc8 39. Bg4 1-0

[Event "Edmonton"]
[Site "Edmonton CAN"]
[Date "2004.04.10"]
[Round "4"]
[White "Huber, Gregory"]
[Black "Hughey, Micah"]
[Result "1-0"]
[WhiteElo "2264"]
[BlackElo "2013"]
[PlyCount "128"]
[GameId "2160767911166813"]
[EventDate "2004.04.09"]
[EventType "tourn"]
[EventRounds "7"]
[EventCountry "CAN"]
[SourceTitle "EXT 2006"]
[Source "ChessBase"]
[SourceDate "2005.11.24"]
[SourceVersion "1"]
[SourceVersionDate "2005.11.24"]
[SourceQuality "1"]

1. c4 e6 2. g3 d5 3. Bg2 Nf6 4. Nf3 c5 5. cxd5 exd5 6. d4 Nc6 7. O-O Be7 8. dxc5 Bxc5 9. Bg5 O-O 10. Qc2 Be7 11. Nc3 h6 12. Bf4 Bg4 13. Rfd1 Qa5 14. Ne5 Be6 15. Nxc6 bxc6 16. a3 Rfd8 17. b4 Qa6 18. Na4 Ne4 19. f3 Nd6 20. Bxd6 Bxd6 21. e3 Bf5 22. Qb3 Qe2 23. Ra2 Qa6 24. Bf1 Qb7 25. Qc3 Re8 26. Re2 Re6 27. Nc5 Bxc5 28. Qxc5 a5 29. b5 Qxb5 30. Qxb5 cxb5 31. Rxd5 Bg6 32. e4 b4 33. axb4 axb4 34. Rb5 Ra3 35. Kf2 Rb3 36. Bg2 f6 37. f4 Re8 38. e5 Bd3 39. Rb7 Kh8 40. Bd5 Rc3 41. Bf7 Bxe2 42. Bxe8 Bd3 43. Rxb4 fxe5 44. fxe5 Bf5 45. g4 Be6 46. Bg6 Kg8 47. Rb8+ Rc8 48. Rxc8+ Bxc8 49. Kg3 Kf8 50. h4 Ke7 51. Kf4 Bd7 52. Bd3 Be6 53. Be2 Bd7 54. Bc4 Bc8 55. g5 Bd7 56. Bd3 Be6 57. Bf5 Bd5 58. Bc8 Bc4 59. Bf5 Bd5 60. Bd3 Be6 61. Bf5 Bd5 62. Kg4 Bf7 63. Bc8 Bd5 64. Kf5 Bf7 1-0

[Event "Edmonton"]
[Site "Edmonton CAN"]
[Date "2004.04.10"]
[Round "4"]
[White "Nguyen, Kim"]
[Black "Reeve, Jeff"]
[Result "1/2-1/2"]
[WhiteElo "2081"]
[BlackElo "2392"]
[PlyCount "74"]
[GameId "2160767911166814"]
[EventDate "2004.04.09"]
[EventType "tourn"]
[EventRounds "7"]
[EventCountry "CAN"]
[SourceTitle "EXT 2006"]
[Source "ChessBase"]
[SourceDate "2005.11.24"]
[SourceVersion "1"]
[SourceVersionDate "2005.11.24"]
[SourceQuality "1"]

1. e4 c5 2. Nf3 d6 3. d4 cxd4 4. Nxd4 Nf6 5. Nc3 g6 6. Be3 Bg7 7. Be2 Nc6 8. O-O O-O 9. Nb3 Be6 10. f4 Rc8 11. Kh1 a6 12. Bf3 b5 13. Nd5 Bxd5 14. exd5 Na5 15. Nxa5 Qxa5 16. Bd2 Qa4 17. Re1 Rfe8 18. c3 Qc4 19. Be3 Rc7 20. Qe2 Qxe2 21. Rxe2 Rb8 22. Bd4 Ne8 23. Bxg7 Kxg7 24. Rae1 Kf8 25. h4 Rbb7 26. Kh2 b4 27. cxb4 Rxb4 28. g3 Nf6 29. Rd2 a5 30. Re3 Rbc4 31. Kg2 Rb7 32. Ra3 Rc5 33. Ra4 Rbc7 34. Kf2 Nd7 35. b4 Rc2 36. Re2 Rxe2+ 37. Bxe2 axb4 1/2-1/2

[Event "Edmonton"]
[Site "Edmonton CAN"]
[Date "2004.04.10"]
[Round "5"]
[White "Gardner, Robert"]
[Black "Nguyen, Kim"]
[Result "1-0"]
[WhiteElo "2260"]
[BlackElo "2081"]
[PlyCount "59"]
[GameId "2160767911166815"]
[EventDate "2004.04.09"]
[EventType "tourn"]
[EventRounds "7"]
[EventCountry "CAN"]
[SourceTitle "EXT 2006"]
[Source "ChessBase"]
[SourceDate "2005.11.24"]
[SourceVersion "1"]
[SourceVersionDate "2005.11.24"]
[SourceQuality "1"]

1. f4 c5 2. Nf3 d6 3. e4 e6 4. c3 d5 5. e5 f6 6. d4 Nc6 7. Bd3 Qb6 8. O-O Bd7 9. Kh1 O-O-O 10. dxc5 Bxc5 11. b4 Be3 12. a4 Bxc1 13. Qxc1 Rf8 14. Na3 fxe5 15. fxe5 Nh6 16. a5 Qd8 17. Nb5 Ng4 18. h3 h5 19. c4 Kb8 20. cxd5 exd5 21. Qe1 Rh6 22. e6 Bxe6 23. Qg3+ Kc8 24. Rac1 Qd7 25. Nxa7+ Kd8 26. Nxc6+ bxc6 27. Qb8+ Ke7 28. Qxf8+ Kxf8 29. Ne5+ Ke7 30. Nxd7 1-0

[Event "Edmonton"]
[Site "Edmonton CAN"]
[Date "2004.04.10"]
[Round "5"]
[White "Grumic, Sasha"]
[Black "Boik, Andrew"]
[Result "1-0"]
[WhiteElo "2180"]
[BlackElo "1999"]
[PlyCount "37"]
[GameId "2160767911166816"]
[EventDate "2004.04.09"]
[EventType "tourn"]
[EventRounds "7"]
[EventCountry "CAN"]
[SourceTitle "EXT 2006"]
[Source "ChessBase"]
[SourceDate "2005.11.24"]
[SourceVersion "1"]
[SourceVersionDate "2005.11.24"]
[SourceQuality "1"]

1. e4 c5 2. Nf3 d6 3. d4 cxd4 4. Nxd4 Nf6 5. Nc3 a6 6. Bc4 e6 7. Bb3 Nbd7 8. f4 Nc5 9. f5 Be7 10. Qf3 O-O 11. Be3 Qc7 12. g4 b5 13. g5 Nfd7 14. Rg1 Kh8 15. Qh3 Ne5 16. g6 fxg6 17. fxg6 h6 18. Bxh6 Bf6 19. Bxg7+ 1-0

[Event "Edmonton"]
[Site "Edmonton CAN"]
[Date "2004.04.10"]
[Round "5"]
[White "Hughey, Micah"]
[Black "Haessel, Dale"]
[Result "0-1"]
[WhiteElo "2013"]
[BlackElo "2226"]
[PlyCount "62"]
[GameId "2160767911166817"]
[EventDate "2004.04.09"]
[EventType "tourn"]
[EventRounds "7"]
[EventCountry "CAN"]
[SourceTitle "EXT 2006"]
[Source "ChessBase"]
[SourceDate "2005.11.24"]
[SourceVersion "1"]
[SourceVersionDate "2005.11.24"]
[SourceQuality "1"]

1. e4 c5 2. d4 cxd4 3. c3 Nf6 4. e5 Nd5 5. Nf3 Nc6 6. Bc4 Nb6 7. Bb3 d5 8. exd6 Qxd6 9. O-O Be6 10. Bxe6 Qxe6 11. Re1 Qd7 12. cxd4 e6 13. Nc3 Be7 14. Be3 Nd5 15. Rc1 Rd8 16. Qb3 Nxe3 17. Rxe3 O-O 18. Rd1 Bf6 19. d5 Bxc3 20. Rxc3 exd5 21. Rcd3 Ne7 22. Ne5 Qc7 23. Ng4 Rd6 24. h3 Rfd8 25. Ne3 g6 26. g3 d4 27. Nc2 Nc6 28. Qc4 Qd7 29. Qb5 Rd5 30. Qb3 Qxh3 31. Qxb7 Ne5 0-1

[Event "Edmonton"]
[Site "Edmonton CAN"]
[Date "2004.04.10"]
[Round "5"]
[White "Reeve, Jeff"]
[Black "Huber, Gregory"]
[Result "1/2-1/2"]
[WhiteElo "2392"]
[BlackElo "2264"]
[PlyCount "31"]
[GameId "2160767911166818"]
[EventDate "2004.04.09"]
[EventType "tourn"]
[EventRounds "7"]
[EventCountry "CAN"]
[SourceTitle "EXT 2006"]
[Source "ChessBase"]
[SourceDate "2005.11.24"]
[SourceVersion "1"]
[SourceVersionDate "2005.11.24"]
[SourceQuality "1"]

1. e4 c5 2. Nf3 e6 3. d4 cxd4 4. Nxd4 a6 5. Bd3 Nf6 6. c4 Nc6 7. Nxc6 dxc6 8. O-O e5 9. Qe2 Bc5 10. Be3 Bxe3 11. Qxe3 O-O 12. Nc3 Be6 13. Rfd1 Qe7 14. a3 Rfd8 15. Be2 Rxd1+ 16. Rxd1 1/2-1/2

[Event "Edmonton"]
[Site "Edmonton CAN"]
[Date "2004.04.10"]
[Round "6"]
[White "Grumic, Sasha"]
[Black "Hughey, Micah"]
[Result "1/2-1/2"]
[WhiteElo "2180"]
[BlackElo "2013"]
[PlyCount "74"]
[GameId "2160767911166819"]
[EventDate "2004.04.09"]
[EventType "tourn"]
[EventRounds "7"]
[EventCountry "CAN"]
[SourceTitle "EXT 2006"]
[Source "ChessBase"]
[SourceDate "2005.11.24"]
[SourceVersion "1"]
[SourceVersionDate "2005.11.24"]
[SourceQuality "1"]

1. g3 d5 2. Bg2 Nf6 3. c4 e6 4. d3 c5 5. Nf3 Nc6 6. O-O Be7 7. b3 O-O 8. Bb2 a6 9. Nbd2 b5 10. Rc1 Qb6 11. Ne5 Nxe5 12. Bxe5 Bb7 13. e4 Rfd8 14. Qe2 Rd7 15. cxd5 exd5 16. Bh3 Rdd8 17. d4 Nxe4 18. Nxe4 dxe4 19. dxc5 Bxc5 20. Qg4 f6 21. Qe6+ Kh8 22. Qxb6 Bxb6 23. Bc7 Bxc7 24. Rxc7 Bc8 25. Bg2 f5 26. f3 e3 27. f4 Rb8 28. Re7 Rb6 29. Re1 Rbd6 30. R1xe3 Kg8 31. a4 bxa4 32. bxa4 Kf8 33. Bf1 R6d7 34. R7e5 g6 35. h4 Bb7 36. h5 Rd5 37. Re6 R5d6 1/2-1/2

[Event "Edmonton"]
[Site "Edmonton CAN"]
[Date "2004.04.10"]
[Round "6"]
[White "Huber, Gregory"]
[Black "Gardner, Robert"]
[Result "1-0"]
[WhiteElo "2264"]
[BlackElo "2260"]
[PlyCount "61"]
[GameId "2160767911166820"]
[EventDate "2004.04.09"]
[EventType "tourn"]
[EventRounds "7"]
[EventCountry "CAN"]
[SourceTitle "EXT 2006"]
[Source "ChessBase"]
[SourceDate "2005.11.24"]
[SourceVersion "1"]
[SourceVersionDate "2005.11.24"]
[SourceQuality "1"]

1. c4 e5 2. g3 f5 3. Bg2 Nf6 4. Nc3 c6 5. d4 e4 6. Nh3 d5 7. cxd5 Nxd5 8. O-O Nd7 9. f3 N7f6 10. fxe4 fxe4 11. Ng5 Nxc3 12. bxc3 Qd5 13. Nxe4 Nxe4 14. Qc2 Bf5 15. Rxf5 Qxf5 16. Bxe4 Qf6 17. h4 g6 18. Bg5 Qe6 19. Rb1 b6 20. Qd3 Be7 21. d5 Qd7 22. Bxg6+ hxg6 23. Qxg6+ Kd8 24. dxc6 Qd5 25. Bxe7+ Kxe7 26. Qg7+ Qf7 27. Qe5+ Qe6 28. Qc7+ Ke8 29. Rf1 Rg8 30. Rf3 Rc8 31. Qf4 1-0

[Event "Edmonton"]
[Site "Edmonton CAN"]
[Date "2004.04.11"]
[Round "6"]
[White "Boik, Andrew"]
[Black "Nguyen, Kim"]
[Result "1-0"]
[WhiteElo "1999"]
[BlackElo "2081"]
[PlyCount "139"]
[GameId "2160767911166821"]
[EventDate "2004.04.09"]
[EventType "tourn"]
[EventRounds "7"]
[EventCountry "CAN"]
[SourceTitle "EXT 2006"]
[Source "ChessBase"]
[SourceDate "2005.11.24"]
[SourceVersion "1"]
[SourceVersionDate "2005.11.24"]
[SourceQuality "1"]

1. e4 c5 2. Nf3 d6 3. d4 cxd4 4. Nxd4 Nf6 5. Nc3 a6 6. Bg5 e6 7. f4 Be7 8. Qf3 Qc7 9. O-O-O Nbd7 10. g4 b5 11. Bxf6 gxf6 12. f5 Ne5 13. Qh3 O-O 14. Rg1 Kh8 15. Rg3 Rg8 16. Nce2 Bd8 17. Nf4 Qe7 18. Nh5 Qf8 19. Nf4 Qg7 20. Kb1 Qg5 21. Nd3 Nc4 22. Nf3 Qg7 23. Nf4 Ne3 24. Re1 Nxf1 25. Qxf1 Qh6 26. Nd3 Bb6 27. h4 Bb7 28. g5 Qf8 29. Nf4 d5 30. e5 Qb4 31. Rg4 exf5 32. Ng6+ fxg6 33. Rxb4 Ba5 34. Rd4 Bxe1 35. Qxe1 fxg5 36. Nxg5 h5 37. e6 Rg7 38. Nf7+ Kg8 39. Nd6 Bc6 40. e7 Be8 41. Qe6+ Kh7 42. Rxd5 Ra7 43. Nxe8 Rgxe7 44. Nf6+ Kg7 45. Rd7 Raxd7 46. Qxd7 Rxd7 47. Nxd7 g5 48. Kc1 gxh4 49. Ne5 Kf6 50. Nf3 f4 51. Kd2 Kf5 52. Ke2 h3 53. Nh2 Ke4 54. c3 h4 55. Nf3 Kf5 56. Nxh4+ Ke4 57. Nf3 a5 58. b3 Kd5 59. Kd3 a4 60. c4+ bxc4+ 61. bxc4+ Ke6 62. Kd4 Kd6 63. c5+ Kc6 64. a3 Kc7 65. Kc4 Kc6 66. Kb4 Kd5 67. Kb5 Ke4 68. Nh2 f3 69. c6 Kf4 70. Nxf3 1-0

[Event "Edmonton"]
[Site "Edmonton CAN"]
[Date "2004.04.11"]
[Round "7"]
[White "Gardner, Robert"]
[Black "Haessel, Dale"]
[Result "0-1"]
[WhiteElo "2260"]
[BlackElo "2226"]
[PlyCount "150"]
[GameId "2160767911166822"]
[EventDate "2004.04.09"]
[EventType "tourn"]
[EventRounds "7"]
[EventCountry "CAN"]
[SourceTitle "EXT 2006"]
[Source "ChessBase"]
[SourceDate "2005.11.24"]
[SourceVersion "1"]
[SourceVersionDate "2005.11.24"]
[SourceQuality "1"]

1. d4 Nf6 2. c4 g6 3. Nc3 d5 4. h4 Bg7 5. h5 Nxh5 6. cxd5 c6 7. e4 cxd5 8. e5 Bf8 9. g4 Ng7 10. Bh6 Nc6 11. Bg2 Ne6 12. Bxf8 Kxf8 13. Nge2 Nc7 14. Bf3 f6 15. Qd2 fxe5 16. O-O-O e4 17. Qh6+ Kg8 18. Nf4 Qf8 19. Qxf8+ Kxf8 20. Nxg6+ Kg7 21. Nxh8 exf3 22. Nf7 Kxf7 23. Rxh7+ Kg6 24. Rh8 Be6 25. Rxa8 Nxa8 26. Rd3 Nc7 27. Rxf3 Bxg4 28. Rf8 Kg7 29. Rf4 Bh3 30. Kd2 e6 31. Ne2 Bf5 32. Rf3 Ne8 33. Rb3 Nd6 34. Ke3 Kf6 35. Rc3 Bb1 36. a3 a5 37. b3 Nf5+ 38. Kd2 Nfxd4 39. Nxd4 Nxd4 40. Rc7 Nxb3+ 41. Kc3 a4 42. Kb4 Nd4 43. Rxb7 Bc2 44. Kc3 e5 45. f4 Bb3 46. fxe5+ Kxe5 47. Rb4 Nc2 48. Rb8 Nxa3 49. Re8+ Kf4 50. Rf8+ Ke3 51. Re8+ Kf2 52. Rf8+ Ke3 53. Re8+ Kf4 54. Rf8+ Ke5 55. Re8+ Kd6 56. Rd8+ Kc6 57. Rc8+ Kb7 58. Rh8 Nc2 59. Rd8 Kc6 60. Rc8+ Kd7 61. Rb8 Kc7 62. Ra8 Na3 63. Kb4 Nc4 64. Rh8 Nb6 65. Rh7+ Nd7 66. Rh6 d4 67. Rh4 d3 68. Kc3 Nc5 69. Rh5 Kb6 70. Rh6+ Kb5 71. Rh5 a3 72. Rh8 a2 73. Rb8+ Kc6 74. Kb2 d2 75. Rc8+ Kd7 0-1

[Event "Edmonton"]
[Site "Edmonton CAN"]
[Date "2004.04.11"]
[Round "7"]
[White "Nguyen, Kim"]
[Black "Huber, Gregory"]
[Result "1/2-1/2"]
[WhiteElo "2081"]
[BlackElo "2264"]
[PlyCount "22"]
[GameId "2160767911166823"]
[EventDate "2004.04.09"]
[EventType "tourn"]
[EventRounds "7"]
[EventCountry "CAN"]
[SourceTitle "EXT 2006"]
[Source "ChessBase"]
[SourceDate "2005.11.24"]
[SourceVersion "1"]
[SourceVersionDate "2005.11.24"]
[SourceQuality "1"]

1. e4 c5 2. Nf3 e6 3. d4 cxd4 4. Nxd4 a6 5. Bd3 Nf6 6. O-O Qc7 7. Kh1 Nc6 8. Be3 d6 9. Nc3 Bd7 10. Qe2 Be7 11. f4 O-O 1/2-1/2

[Event "Edmonton"]
[Site "Edmonton CAN"]
[Date "2004.04.11"]
[Round "7"]
[White "Reeve, Jeff"]
[Black "Grumic, Sasha"]
[Result "0-1"]
[WhiteElo "2392"]
[BlackElo "2180"]
[PlyCount "45"]
[GameId "2160767911166824"]
[EventDate "2004.04.09"]
[EventType "tourn"]
[EventRounds "7"]
[EventCountry "CAN"]
[SourceTitle "EXT 2006"]
[Source "ChessBase"]
[SourceDate "2005.11.24"]
[SourceVersion "1"]
[SourceVersionDate "2005.11.24"]
[SourceQuality "1"]

1. e4 c5 2. Nf3 d6 3. d4 cxd4 4. Nxd4 Nf6 5. Nc3 g6 6. Be3 Bg7 7. f3 O-O 8. Qd2 Nc6 9. Bc4 Bd7 10. O-O-O Qa5 11. Bb3 Rfc8 12. g4 Ne5 13. h4 Nc4 14. Bxc4 Rxc4 15. h5 Rac8 16. Nb3 Qa6 17. Kb1 Rxc3 18. bxc3 Bxg4 19. fxg4 Nxe4 20. Qd3 Nxc3+ 21. Kc1 Nxa2+ 22. Kd2 Qc6 23. Rhg1 0-1

[Event "Edmonton CC August op"]
[Site "Edmonton CAN"]
[Date "2004.08.05"]
[Round "1"]
[White "Grumic, Sasha"]
[Black "Asquith, Tom"]
[Result "1-0"]
[WhiteElo "2144"]
[BlackElo "1660"]
[PlyCount "71"]
[GameId "2160767911086392"]
[EventDate "2004.08.05"]
[EventType "swiss"]
[EventRounds "4"]
[EventCountry "CAN"]
[SourceTitle "EXT 2006"]
[Source "ChessBase"]
[SourceDate "2005.11.24"]
[SourceVersion "1"]
[SourceVersionDate "2005.11.24"]
[SourceQuality "1"]

1. e4 c6 2. d4 d5 3. Nc3 dxe4 4. Nxe4 Nd7 5. Nf3 Ngf6 6. Neg5 e6 7. Bd3 h6 8. Ne4 Be7 9. Qe2 Qc7 10. Bd2 b6 11. O-O-O Bb7 12. c4 c5 13. d5 O-O 14. d6 Bxd6 15. Nxd6 Qxd6 16. Bxh6 Qc7 17. Bg5 e5 18. Bf5 e4 19. Nh4 Qe5 20. g3 g6 21. Bf4 Qe8 22. Bxd7 Nxd7 23. Rd6 Kg7 24. Qg4 Ne5 25. Nf5+ Kg8 26. Nh6+ Kg7 27. Qg5 Nd3+ 28. Rxd3 exd3 29. Nf5+ Kg8 30. Rd1 Qe4 31. Nd6 Qe2 32. Bd2 Bf3 33. Re1 Qxf2 34. Nf5 Be2 35. Ne7+ Kh7 36. Qh6# 1-0

[Event "Edmonton CC August op"]
[Site "Edmonton CAN"]
[Date "2004.08.05"]
[Round "1"]
[White "Khataw, Rahim"]
[Black "Li, Zhichao"]
[Result "0-1"]
[WhiteElo "1704"]
[BlackElo "2242"]
[PlyCount "70"]
[GameId "2160767911086393"]
[EventDate "2004.08.05"]
[EventType "swiss"]
[EventRounds "4"]
[EventCountry "CAN"]
[SourceTitle "EXT 2006"]
[Source "ChessBase"]
[SourceDate "2005.11.24"]
[SourceVersion "1"]
[SourceVersionDate "2005.11.24"]
[SourceQuality "1"]

1. d4 d5 2. c4 e6 3. Nf3 Nf6 4. Bg5 Be7 5. Nc3 h6 6. Bh4 O-O 7. e3 b6 8. cxd5 Nxd5 9. Bxe7 Qxe7 10. Nxd5 exd5 11. Be2 Be6 12. O-O Rc8 13. a3 c5 14. Qd2 Qb7 15. Rfc1 a5 16. b4 axb4 17. axb4 c4 18. Rxa8 Qxa8 19. Qc3 Nc6 20. Ra1 Qb7 21. Qa3 Qe7 22. Nd2 Qxb4 23. Qxb4 Nxb4 24. Rc1 Na2 25. Rc2 Ra8 26. f3 b5 27. e4 Nb4 28. Rb2 c3 29. Rxb4 c2 30. Nb3 dxe4 31. Nc1 Ra1 32. Rb2 Rxc1+ 33. Kf2 exf3 34. gxf3 Bf5 35. Ke3 Rb1 0-1

[Event "Edmonton CC August op"]
[Site "Edmonton CAN"]
[Date "2004.08.12"]
[Round "2"]
[White "Li, Zhichao"]
[Black "Gonzalez, Mario"]
[Result "1-0"]
[WhiteElo "2242"]
[BlackElo "1777"]
[PlyCount "67"]
[GameId "2160767911086394"]
[EventDate "2004.08.05"]
[EventType "swiss"]
[EventRounds "4"]
[EventCountry "CAN"]
[SourceTitle "EXT 2006"]
[Source "ChessBase"]
[SourceDate "2005.11.24"]
[SourceVersion "1"]
[SourceVersionDate "2005.11.24"]
[SourceQuality "1"]

1. d4 Nf6 2. Nf3 d5 3. Bf4 e6 4. e3 Nbd7 5. Bd3 Be7 6. h3 c5 7. c3 O-O 8. Nbd2 a6 9. O-O b5 10. e4 dxe4 11. Nxe4 Bb7 12. Nxc5 Nxc5 13. dxc5 Bxc5 14. Qe2 Qe7 15. Rad1 Rfd8 16. Nh2 Nd5 17. Bc1 Bd6 18. Rfe1 Rac8 19. Qe4 g6 20. Qg4 Qc7 21. Nf3 h5 22. Qh4 Nf4 23. Bxf4 Bxf4 24. Ng5 Bxg5 25. Qxg5 Rd5 26. Qc1 Re5 27. Qh6 Qc6 28. f3 Qc5+ 29. Kh1 Rg5 30. Be4 Bxe4 31. Rxe4 Rd5 32. Rxd5 exd5 33. Rd4 Re8 34. Qd2 1-0

[Event "Edmonton CC August op"]
[Site "Edmonton CAN"]
[Date "2004.08.19"]
[Round "3"]
[White "Rekhson, Vladislav"]
[Black "Li, Zhichao"]
[Result "0-1"]
[WhiteElo "2043"]
[BlackElo "2242"]
[PlyCount "144"]
[GameId "2160767911086396"]
[EventDate "2004.08.05"]
[EventType "swiss"]
[EventRounds "4"]
[EventCountry "CAN"]
[SourceTitle "EXT 2006"]
[Source "ChessBase"]
[SourceDate "2005.11.24"]
[SourceVersion "1"]
[SourceVersionDate "2005.11.24"]
[SourceQuality "1"]

1. e4 c6 2. d4 d5 3. e5 Bf5 4. Ne2 e6 5. Ng3 Bg6 6. h4 h5 7. Bd3 Bxd3 8. cxd3 g6 9. Ne2 Nh6 10. Bg5 Qa5+ 11. Nbc3 Nd7 12. O-O Nf5 13. Rc1 Bg7 14. Qb3 Rb8 15. Qa4 Qxa4 16. Nxa4 O-O 17. Nc5 Nxc5 18. Rxc5 Rfc8 19. Rfc1 Bf8 20. R5c2 Bb4 21. g3 Ba5 22. a3 Bb6 23. Be3 Kf8 24. Kf1 Ke8 25. Ke1 Kd7 26. Kd2 a5 27. Ke1 a4 28. Kd1 Ra8 29. Ke1 Ra6 30. Kd1 Rca8 31. Ke1 Ba7 32. Kd2 Rb6 33. Rh1 Rb3 34. Nc1 Rb5 35. Ne2 Bb6 36. Rhc1 Rb3 37. Rb1 Ba5+ 38. Nc3 c5 39. Ke2 Bc7 40. dxc5 Bxe5 41. Na2 Rc8 42. Nb4 Bd4 43. c6+ bxc6 44. Na6 Nxe3 45. fxe3 Ba7 46. Nc5+ Bxc5 47. Rxc5 Rb5 48. Rxb5 cxb5 49. Kd2 Kd6 50. b3 Ra8 51. bxa4 Rxa4 52. Rxb5 Rxa3 53. Rb7 Ra2+ 54. Kc3 Re2 55. Rxf7 Rxe3 56. g4 hxg4 57. Rf4 Rg3 58. Ra4 Ke5 59. Kd2 Kf5 60. Ra1 Rf3 61. Rg1 Kf4 62. Re1 Rf2+ 63. Kc3 e5 64. Ra1 g3 65. Ra6 Rh2 66. Rxg6 Rxh4 67. Rf6+ Kg5 68. Rf8 Rg4 69. Re8 Kf4 70. d4 exd4+ 71. Kxd4 g2 72. Rf8+ Kg3+ 0-1

[Event "Edmonton CC August op"]
[Site "Edmonton CAN"]
[Date "2004.08.20"]
[Round "3"]
[White "Pua, Richard"]
[Black "Hughey, Micah"]
[Result "1/2-1/2"]
[WhiteElo "1744"]
[BlackElo "2057"]
[PlyCount "66"]
[GameId "2160767911086397"]
[EventDate "2004.08.05"]
[EventType "swiss"]
[EventRounds "4"]
[EventCountry "CAN"]
[SourceTitle "EXT 2006"]
[Source "ChessBase"]
[SourceDate "2005.11.24"]
[SourceVersion "1"]
[SourceVersionDate "2005.11.24"]
[SourceQuality "1"]

1. d4 d5 2. c4 e6 3. Nc3 c5 4. cxd5 exd5 5. Nf3 Nc6 6. g3 Nf6 7. Bg2 Be7 8. O-O O-O 9. Bg5 cxd4 10. Nxd4 h6 11. Be3 Bg4 12. h3 Be6 13. Rc1 Qd7 14. Kh2 Rac8 15. Qa4 Rfd8 16. Rfd1 a6 17. a3 Qe8 18. Rd2 Ne5 19. Qxe8+ Rxe8 20. Nxe6 fxe6 21. Rdc2 Nc4 22. Bd4 b5 23. Nd1 Rb8 24. Ne3 Bd6 25. Nxc4 bxc4 26. Bxf6 gxf6 27. e4 dxe4 28. Bxe4 Be5 29. Rxc4 Bxb2 30. R1c2 Bxa3 31. Ra4 Rb4 32. Rxa3 Rxe4 33. Rxa6 Re7 1/2-1/2

[Event "Edmonton CC August op"]
[Site "Edmonton CAN"]
[Date "2004.08.26"]
[Round "4"]
[White "Li, Zhichao"]
[Black "Grumic, Sasha"]
[Result "0-1"]
[WhiteElo "2242"]
[BlackElo "2144"]
[PlyCount "138"]
[GameId "2160767911086398"]
[EventDate "2004.08.05"]
[EventType "swiss"]
[EventRounds "4"]
[EventCountry "CAN"]
[SourceTitle "EXT 2006"]
[Source "ChessBase"]
[SourceDate "2005.11.24"]
[SourceVersion "1"]
[SourceVersionDate "2005.11.24"]
[SourceQuality "1"]

1. d4 Nf6 2. Nf3 g6 3. c3 Bg7 4. Bf4 d6 5. h3 O-O 6. Nbd2 Nc6 7. e3 Nd5 8. Bh2 e5 9. Bc4 Nb6 10. Be2 Qe7 11. dxe5 dxe5 12. e4 f5 13. O-O f4 14. a4 a5 15. Nc4 Be6 16. Nxb6 cxb6 17. Nd2 Rad8 18. Qc2 Kh8 19. Rfd1 Qc5 20. Rac1 h5 21. Kf1 Rc8 22. f3 Nd4 23. cxd4 Qxc2 24. Rxc2 Rxc2 25. d5 Bd7 26. b3 b5 27. axb5 a4 28. bxa4 Ra8 29. Bd3 Rc3 30. Nb1 Rcc8 31. Nd2 Rxa4 32. Rb1 Rd4 33. Ke2 Rc3 34. Bc4 Rdxc4 35. Nxc4 Rxc4 36. Bg1 Rc2+ 37. Kd3 Rxg2 38. b6 Bf8 39. h4 g5 40. hxg5 h4 41. Bd4 Bd6 42. Bc3 h3 43. Kc4 h2 44. Rh1 Ba4 45. Bb4 Rc2+ 46. Bc3 Kg7 47. Kd3 Kg6 48. Bd2 Rc8 49. Bc3 Bb5+ 50. Kd2 Rh8 51. Ke1 Kxg5 52. Kf2 Rc8 53. Bd2 Rc2 54. Ke1 Ra2 55. Rxh2 Ra1+ 56. Bc1 Rxc1+ 57. Kd2 Rc8 58. Rh7 Bb4+ 59. Kd1 Ba4+ 60. Ke2 Rc2+ 61. Kf1 Bb5+ 62. Kg1 Bc5+ 63. Kh1 Rc1+ 64. Kh2 Bf1 65. Rg7+ Kf6 66. Rxb7 Rc2+ 67. Kh1 Bg2+ 68. Kh2 Bxf3+ 69. Kh3 Bg1 0-1

[Event "Edmonton CC July Swiss"]
[Site "Edmonton CAN"]
[Date "2004.07.24"]
[Round "1"]
[White "Gardner, Robert"]
[Black "Boik, Andrew"]
[Result "0-1"]
[WhiteElo "2258"]
[BlackElo "2006"]
[PlyCount "98"]
[GameId "2160767911094941"]
[EventDate "2004.07.24"]
[EventType "swiss"]
[EventRounds "5"]
[EventCountry "CAN"]

1. d4 Nf6 2. c4 e6 3. e3 c5 4. Nc3 b6 5. d5 exd5 6. Nxd5 Bb7 7. g3 Bxd5 8. cxd5 g6 9. Bg2 Bg7 10. Ne2 O-O 11. O-O Re8 12. Nc3 d6 13. e4 Nbd7 14. Bg5 a6 15. a4 h6 16. Bf4 Qc7 17. Qc2 Rab8 18. Rae1 b5 19. axb5 axb5 20. Bc1 c4 21. Be3 Ng4 22. Bf4 Nge5 23. Ra1 Nd3 24. Be3 Nxb2 25. Ra7 Qc8 26. Bh3 Rd8 27. Qxb2 b4 28. Qe2 bxc3 29. Rxd7 Rxd7 30. Bxd7 Qxd7 31. Qxc4 Rc8 32. Qd3 Qa4 33. f4 Re8 34. e5 dxe5 35. f5 e4 36. Qe2 Bd4 37. fxg6 fxg6 38. Qf2 Bg7 39. Qf7+ Kh7 40. Rf6 Qd1+ 41. Kg2 Qe2+ 42. Bf2 Rg8 43. Qxg6+ Kh8 44. Kh3 Qf1+ 45. Kh4 e3 46. Rf5 exf2 47. Rh5 Qc4+ 48. g4 Qf4 49. Rf5 Qxh2# 0-1

[Event "Edmonton CC July Swiss"]
[Site "Edmonton CAN"]
[Date "2004.07.25"]
[Round "4"]
[White "Hughey, Micah"]
[Black "Tot, Nandor"]
[Result "1-0"]
[WhiteElo "2074"]
[BlackElo "1932"]
[PlyCount "59"]
[GameId "2160767911094942"]
[EventDate "2004.07.24"]
[EventType "swiss"]
[EventRounds "5"]
[EventCountry "CAN"]

1. e4 c6 2. c4 d5 3. exd5 cxd5 4. cxd5 Qxd5 5. Nc3 Qa5 6. d4 Nf6 7. Nf3 e6 8. Bc4 Bb4 9. O-O Bxc3 10. bxc3 O-O 11. Qe2 Nc6 12. Bd2 Bd7 13. Rab1 Qc7 14. Bd3 Rfe8 15. Ne5 Ne7 16. Nxd7 Qxd7 17. Bg5 Nfd5 18. c4 Nb6 19. Rfd1 Ng6 20. c5 Nd5 21. Bb5 Nc3 22. Bxd7 Nxe2+ 23. Kf1 Nc3 24. Bxe8 Nxd1 25. Bxf7+ Kxf7 26. Rxb7+ Kf8 27. Bd2 Ne7 28. Ke2 Rd8 29. Rxe7 Nb2 30. Rxe6 1-0